000 00632nam a2200253Ia 4500
008 210210b2010 xxu||||| |||| 00| 0 eng d
020 _a818298033X
041 _aeng
082 _a032.02 SHAB
100 _aSHARMA (Sanjay Kumar)
245 _aBookhives 5001 multiple choice questions explanatory answers
260 _aNew Delhi
_bBookhive (India)
_c2010
300 _a865
650 _aquestions
650 _amultiple
650 _aexplanatory
650 _achoice
650 _aBookhives
650 _aanswers
650 _a5001
690 _aGeneral Knowledge
700 _aSHARMA (Ranjana)
906 _a064353
999 _c117452
_d117452